Contamination and environmental matters (Record no. 102603)

MARC details
000 -LEADER
fixed length control field 01495cam a22002535a 4500
008 - FIXED-LENGTH DATA ELEMENTS--GENERAL INFORMATION
fixed length control field 030113s2003 xxk f 000 0 eng d
020 ## - INTERNATIONAL STANDARD BOOK NUMBER
International Standard Book Number 1842191306
035 ## - SYSTEM CONTROL NUMBER
System control number (Sirsi) u120998
041 0# - LANGUAGE CODE
Language code of text/sound track or separate title eng
050 04 - LIBRARY OF CONGRESS CALL NUMBER
Classification number 333.73 $2 18
110 2# - MAIN ENTRY--CORPORATE NAME
Corporate name or jurisdiction name as entry element Royal Institution of Chartered Surveyors
9 (RLIN) 4900
245 00 - TITLE STATEMENT
Title Contamination and environmental matters
Remainder of title their implications for property professionals
250 00 - EDITION STATEMENT
Edition statement 2nd ed.
260 ## - PUBLICATION, DISTRIBUTION, ETC.
Place of publication, distribution, etc. London
Name of publisher, distributor, etc. RICS
Date of publication, distribution, etc. 2003
300 ## - PHYSICAL DESCRIPTION
Extent viii, 116p.
Dimensions 30cm.
490 #0 - SERIES STATEMENT
Series statement RICS Guidance Note
520 ## - SUMMARY, ETC.
Summary, etc. This fully updated second edition provides a guide to identifying possible contamination; helps surveyors to understand the law; defines professional responsibilities; explains liability and recommends standard reporting phrases. Contains sections on: valuation; commercial property agency; property development and changes of use; estate management; risk assessment; land condition records; and insurance cover. Includes a list of selected legislation and official guidance; glossary of environmental terms and RICS property observation checklists.
520 ## - SUMMARY, ETC.
Summary, etc. Supersedes "Contamination and its implications for chartered surveyors" (ISBN 0854068392).
520 ## - SUMMARY, ETC.
Summary, etc. Superseded by Contamination, the environment and sustainability: implications for chartered surveyors and their clients (ISBN 9781842195673).
651 #4 - SUBJECT ADDED ENTRY--GEOGRAPHIC NAME
Geographic name England and Wales
Chronological subdivision 1543-
690 ## - LOCAL SUBJECT ADDED ENTRY--TOPICAL TERM (OCLC, RLIN)
Topical term or geographic name as entry element PROPERTY-RURAL AND NATURAL ASSETS-LAND-CONTAMINATED LAND
942 ## - ADDED ENTRY ELEMENTS (KOHA)
Suppress in OPAC 0
Holdings
Withdrawn status Lost status Source of classification or shelving scheme Damaged status Not for loan Home library Current library Shelving location Date acquired Total Checkouts Full call number Barcode Date last seen Copy number Price effective from Koha item type Cost, normal purchase price Date last checked out Cost, replacement price
    Dewey Decimal Classification     London London Folio 12/12/2003   RICS 2003/38 30068919 06/08/2019 2 06/08/2019 Reference material      
    Dewey Decimal Classification     London London Folio 10/02/2004 17 RICS 2003/38 30068641 06/08/2019 5 06/08/2019 Book 55.00 24/05/2006 55.00
    Dewey Decimal Classification     London London RICS Boxes 27/04/2009   RICS 2003/38 30068918 06/08/2019 1 06/08/2019 Archive